[Event "Elit(Upsala-Team Viking)"]
[Site "Uppsala"]
[Date "2009.12.05"]
[Round "5"]
[White "Burwick, Malte"]
[Black "Sagit, Rauan"]
[Result "0-1"]
[WhiteElo "2280"]
[BlackElo "2444"]
[PlyCount "104"]
[EventDate "2009.??.??"]

1. g3 e5 2. Bg2 Nf6 3. c4 Nc6 4. Nc3 Bb4 5. Nf3 O-O 6. O-O Re8 7. d3 h6 8. e4
d6 9. h3 Bd7 10. Be3 Bxc3 11. bxc3 Qc8 12. Kh2 Ne7 13. Ng1 Ng6 14. f4 exf4 15.
gxf4 Qd8 16. f5 Ne5 17. Bf4 a6 18. Nf3 b5 19. cxb5 axb5 20. a3 c5 21. Nxe5 dxe5
22. Be3 Qc7 23. Rg1 Kh7 24. Qe1 Ra6 25. Qg3 Qd6 26. Bf1 Rg8 27. Be2 c4 28. Bc1
cxd3 29. Bxd3 Qc5 30. Bb2 Nh5 31. Qf3 Nf4 32. Bc2 Qc4 33. Rad1 Bc6 34. Bc1 Ne2
35. f6 Nxc1 36. Rxc1 g6 37. Bd3 Qe6 38. Rb1 Rxa3 39. Bxb5 Qa2+ 40. Be2 Qc2 41.
Rbc1 Qa4 42. Rg4 Ra2 43. Kg3 Qa3 44. Bc4 Qxc1 45. Bxa2 h5 46. Bxf7 hxg4 47.
Bxg8+ Kxg8 48. f7+ Kf8 49. Kxg4 Qg1+ 50. Kh4 Qe1+ 51. Kg5 Bxe4 52. Qg4 Qe3+ 0-1

[Event "Elit(Upsala-Team Viking)"]
[Site "Uppsala"]
[Date "2009.12.05"]
[Round "5"]
[White "Volodin, Aleksandr"]
[Black "Andersson, Fredrik"]
[Result "1/2-1/2"]
[WhiteElo "2429"]
[BlackElo "2336"]
[PlyCount "89"]
[EventDate "2009.??.??"]

1. d4 d5 2. c4 dxc4 3. e4 Nc6 4. Be3 Nf6 5. Nc3 e5 6. d5 Na5 7. Nf3 Bd6 8. Qa4+
Bd7 9. Qxa5 a6 10. b4 b6 11. Qa3 a5 12. Qc1 axb4 13. Nd1 b5 14. Nd2 Ra3 15.
Bxc4 bxc4 16. Nxc4 Ra6 17. f3 Qa8 18. Qb2 O-O 19. Nxd6 cxd6 20. Qxb4 Rxa2 21.
Rxa2 Qxa2 22. O-O Qa6 23. Bg5 Rc8 24. Bxf6 gxf6 25. Qd2 Bb5 26. Re1 Kg7 27. f4
Qb6+ 28. Nf2 Qd4 29. Qxd4 exd4 30. g3 d3 31. Rb1 Ba6 32. Rd1 Rc3 33. Kg2 Kf8
34. Ng4 Ke7 35. Ne3 Ra3 36. Rd2 Ra1 37. Kf2 Rh1 38. Nf1 f5 39. exf5 Bc4 40. h4
h5 41. Ne3 Rh2+ 42. Ke1 Rh1+ 43. Kf2 Rh2+ 44. Ke1 Rh1+ 45. Kf2 1/2-1/2

[Event "Elit(Upsala-Team Viking)"]
[Site "Uppsala"]
[Date "2009.12.05"]
[Round "5"]
[White "Marttala, Thomas"]
[Black "Cramling, Dan"]
[Result "1/2-1/2"]
[WhiteElo "2265"]
[BlackElo "2424"]
[PlyCount "36"]
[EventDate "2009.??.??"]

1. Nf3 c5 2. c4 g6 3. e3 Bg7 4. Nc3 Nf6 5. d4 O-O 6. Be2 d5 7. dxc5 Qa5 8. O-O
dxc4 9. e4 Qxc5 10. Qa4 Nc6 11. Qxc4 Qa5 12. Qb5 Bd7 13. Rd1 Qc7 14. Qb3 Rfd8
15. Bg5 Be6 16. Qa4 a6 17. Rac1 b5 18. Qc2 Rxd1+ 1/2-1/2

[Event "Elit(Upsala-Team Viking)"]
[Site "Uppsala"]
[Date "2009.12.05"]
[Round "5"]
[White "Lindberg, Bo"]
[Black "Johansson, Carl Fredrik"]
[Result "1-0"]
[WhiteElo "2419"]
[BlackElo "2253"]
[PlyCount "49"]
[EventDate "2009.??.??"]

1. d4 d5 2. c4 e5 3. Nc3 exd4 4. Qxd4 Nc6 5. Qxd5 Be6 6. Qb5 a6 7. Qa4 Bc5 8.
Nf3 Qe7 9. e3 O-O-O 10. a3 Nf6 11. Be2 a5 12. Bd2 Bf5 13. Qb5 Rhe8 14. b4 Ne4
15. Nxe4 Qxe4 16. Qxc5 b6 17. Qb5 g5 18. O-O Na7 19. Qa6+ Kb8 20. c5 b5 21. a4
Rxd2 22. Nxd2 Qxb4 23. axb5 Qxd2 24. Rxa5 Qxe2 25. c6 1-0

[Event "Elit(Upsala-Team Viking)"]
[Site "Uppsala"]
[Date "2009.12.05"]
[Round "5"]
[White "Lindberg, Henrik"]
[Black "Couso, Luis"]
[Result "1/2-1/2"]
[WhiteElo "2280"]
[BlackElo "2303"]
[PlyCount "59"]
[EventDate "2009.??.??"]

1. e4 c5 2. Nf3 e6 3. d4 cxd4 4. Nxd4 a6 5. Bd3 Bc5 6. Nb3 Ba7 7. Nc3 Nc6 8.
Qe2 d6 9. Be3 Nge7 10. O-O e5 11. Rfd1 O-O 12. Bc4 b5 13. Bd5 Nxd5 14. Nxd5 Be6
15. a4 Bxe3 16. Qxe3 b4 17. Rd2 Qb8 18. a5 Ra7 19. Qb6 Rc8 20. Rad1 h6 21. h3
Qa8 22. Qe3 Qb8 23. Qb6 Qa8 24. Rd3 Rb7 25. Qe3 Qb8 26. Nf6+ Kf8 27. Nh7+ Kg8
28. Nf6+ Kf8 29. Nh7+ Kg8 30. Nf6+ 1/2-1/2

[Event "Elit(Manhem-Limhamn)"]
[Site "?"]
[Date "2009.12.05"]
[Round "5"]
[White "Brynell, Stellan"]
[Black "Nithander, Victor"]
[Result "0-1"]
[WhiteElo "2565"]
[BlackElo "2507"]
[PlyCount "102"]
[EventDate "2009.??.??"]
[SourceDate "2009.12.07"]

1. Nf3 Nf6 2. c4 g6 3. g3 Bg7 4. Bg2 c6 5. Nc3 d5 6. cxd5 cxd5 7. d4 O-O 8. Ne5
e6 9. O-O Nfd7 10. f4 Nc6 11. b3 Ndxe5 12. dxe5 Qb6+ 13. Kh1 Rd8 14. Bb2 Bd7
15. Rc1 Ne7 16. Na4 Bxa4 17. Bd4 Qa6 18. bxa4 Rac8 19. Qb3 Rc4 20. Bc5 Rc8 21.
Rxc4 dxc4 22. Qa3 Nd5 23. Rd1 b6 24. Bd6 c3 25. Bf3 Qc4 26. Qb3 c2 27. Rc1 Qd4
28. Qd3 Qxd3 29. exd3 Nxf4 30. gxf4 Bh6 31. Kg2 Bxf4 32. Ba3 Bxc1 33. Bxc1 Rc5
34. Kf2 Rxe5 35. d4 Ra5 36. Bc6 a6 37. h3 b5 38. axb5 axb5 39. a3 b4 40. a4 b3
41. Bb5 g5 42. Ke3 h5 43. Kd3 g4 44. hxg4 hxg4 45. Ke3 Ra8 46. Ba3 Rc8 47. Kd2
g3 48. Bf1 c1=Q+ 49. Bxc1 Rc2+ 50. Kd1 g2 51. Bxg2 Rxg2 0-1

[Event "Elit(Manhem-Limhamn)"]
[Site "?"]
[Date "2009.12.05"]
[Round "5"]
[White "Vas, Peter"]
[Black "Hector, Jonny"]
[Result "0-1"]
[WhiteElo "2387"]
[BlackElo "2638"]
[PlyCount "58"]
[SourceDate "2009.12.07"]

1. e4 e5 2. Nf3 Nc6 3. Bc4 Nf6 4. d3 Be7 5. O-O O-O 6. Bb3 d5 7. Nbd2 a5 8. c3
b5 9. Re1 a4 10. Bc2 dxe4 11. dxe4 Bc5 12. Nf1 Qxd1 13. Bxd1 b4 14. Bg5 a3 15.
bxa3 bxc3 16. a4 Be6 17. Rc1 Bd4 18. a3 Rfb8 19. Bxf6 gxf6 20. Ne3 Rb2 21. Bc2
Na5 22. Nxd4 exd4 23. Nd5 Bxd5 24. exd5 Nb3 25. Bxb3 Rxb3 26. Re7 Rab8 27. Rxc7
Rb1 28. Rf1 Rxf1+ 29. Kxf1 d3 0-1

[Event "Elit(Manhem-Limhamn)"]
[Site "?"]
[Date "2009.12.05"]
[Round "5"]
[White "Ahlander, Bjorn"]
[Black "Winsnes, Rikard"]
[Result "1/2-1/2"]
[WhiteElo "2533"]
[BlackElo "2495"]
[PlyCount "81"]

1. d4 Nf6 2. c4 g6 3. Nc3 d5 4. cxd5 Nxd5 5. e4 Nxc3 6. bxc3 Bg7 7. Bc4 c5 8.
Nf3 O-O 9. h3 Nc6 10. Be3 cxd4 11. cxd4 Qa5+ 12. Bd2 Qa3 13. Rb1 Nxd4 14. Bb4
Nxf3+ 15. Ke2 Nd4+ 16. Kf1 Be6 17. Bxa3 Bxc4+ 18. Kg1 Rfd8 19. Kh2 Be5+ 20. g3
Be2 21. Qa4 b5 22. Qa5 Nf3+ 23. Kg2 Nd2 24. Bxe7 Rd7 25. Bb4 Nxb1 26. Rxb1 Bd4
27. Bc3 Bb6 28. Qa3 Bd3 29. Re1 Re8 30. f3 Rc7 31. Rd1 Be2 32. Rd2 Rec8 33.
Rxe2 Rxc3 34. Qb2 Rc1 35. Qxb5 h5 36. h4 R8c3 37. Qe8+ Kg7 38. Qe5+ Kg8 39.
Qe8+ Kg7 40. Qe5+ Kg8 41. Qe8+ 1/2-1/2

[Event "Elit(Manhem-Limhamn)"]
[Site "?"]
[Date "2009.12.05"]
[Round "5"]
[White "Welin, Mats"]
[Black "Jepson, Christian"]
[Result "0-1"]
[WhiteElo "2360"]
[BlackElo "2445"]
[PlyCount "64"]

1. e4 g6 2. d4 Bg7 3. Nc3 d6 4. Nf3 a6 5. Be2 b5 6. O-O Bb7 7. Re1 Nd7 8. Bf1
c5 9. Bg5 cxd4 10. Nxd4 Ngf6 11. f3 O-O 12. Qd2 Re8 13. Rad1 Rc8 14. a4 bxa4
15. Nxa4 Qc7 16. c4 Rb8 17. b4 Rec8 18. Rb1 Ne5 19. Rbc1 Qd8 20. Qa2 Nc6 21.
Nc2 Nd7 22. Be3 a5 23. b5 Nb4 24. Nxb4 axb4 25. Qb3 Qa5 26. c5 Nxc5 27. Nxc5
dxc5 28. Rxc5 e6 29. Bc4 Qa3 30. Rb1 Qxb3 31. Rxb3 Rxc5 32. Bxc5 Rc8 0-1

[Event "Elit(Manhem-Limhamn)"]
[Site "?"]
[Date "2009.12.05"]
[Round "5"]
[White "Penalver, Osmani"]
[Black "Akesson, Joel"]
[Result "0-1"]
[WhiteElo "2279"]
[BlackElo "2386"]
[PlyCount "70"]

1. d4 d5 2. c4 c6 3. Nf3 Nf6 4. e3 Bf5 5. Nc3 e6 6. Be2 h6 7. O-O Nbd7 8. b3
Bd6 9. Bb2 O-O 10. Re1 Ne4 11. Nxe4 Bxe4 12. Nd2 Bg6 13. Bf3 f5 14. Bc3 Nf6 15.
b4 Ne4 16. Bxe4 fxe4 17. Qe2 Qh4 18. f4 Bh5 19. Qf2 Qe7 20. c5 Bc7 21. g3 g5
22. Qg2 Kh7 23. Qh3 Bg6 24. Nf1 Bf5 25. Qg2 Rg8 26. fxg5 Qxg5 27. b5 Qh5 28.
bxc6 bxc6 29. Rab1 Bh3 30. Qe2 Qg5 31. Rb7 Rg7 32. Qa6 Rf8 33. Bd2 Rgf7 34.
Rxa7 Qf5 35. Rxc7 Qf2+ 0-1

[Event "Elit(Manhem-Limhamn)"]
[Site "?"]
[Date "2009.12.05"]
[Round "5"]
[White "Moberg, Karl Johan"]
[Black "Schneider, Stefan"]
[Result "1-0"]
[WhiteElo "2309"]
[BlackElo "2439"]
[PlyCount "87"]

1. d4 d5 2. c4 c6 3. Nf3 Nf6 4. e3 Bf5 5. cxd5 cxd5 6. Qb3 Qc7 7. Bd2 Nc6 8.
Bb5 e6 9. O-O Bd6 10. Bb4 O-O 11. Bxd6 Qxd6 12. Bxc6 Qxc6 13. Ne5 Qc7 14. Nc3
Rfc8 15. f3 Bg6 16. Rac1 Qe7 17. Ne2 Ne8 18. Rc3 Rxc3 19. Qxc3 Bf5 20. g4 Bg6
21. Nf4 Rd8 22. Rc1 Qg5 23. Qe1 Qe7 24. h4 f5 25. Nfxg6 hxg6 26. g5 Nd6 27.
Nxg6 Qe8 28. Nf4 Qa4 29. Rc7 Re8 30. h5 e5 31. dxe5 Nc4 32. h6 Nxe5 33. Rxg7+
Kh8 34. Kg2 Rc8 35. g6 d4 36. Rh7+ Kg8 37. Rg7+ Kh8 38. Rh7+ Kg8 39. Rg7+ Kh8
40. exd4 Qxd4 41. Rh7+ Kg8 42. Rg7+ Kh8 43. Re7 Rc2+ 44. Kg3 1-0

[Event "Elit(Manhem-Limhamn)"]
[Site "?"]
[Date "2009.12.05"]
[Round "5"]
[White "Tadjerbashi, Amir"]
[Black "Carlhammar, Magnus"]
[Result "1/2-1/2"]
[WhiteElo "2239"]
[BlackElo "2331"]
[PlyCount "135"]

1. e4 d6 2. d4 Nf6 3. Nc3 e5 4. Nge2 Be7 5. h3 h5 6. g3 c6 7. Bg2 b5 8. a3 Nbd7
9. d5 Bb7 10. dxc6 Bxc6 11. Nd5 Bxd5 12. exd5 Qc7 13. b3 O-O 14. O-O Rfc8 15.
Ra2 a5 16. Bd2 Nc5 17. Nc3 b4 18. Nb1 Nce4 19. Be1 Rab8 20. Qd3 Nc5 21. Qd1 e4
22. axb4 axb4 23. Qd4 Qb7 24. Nd2 Qxd5 25. Qxd5 Nxd5 26. Nxe4 Nf6 27. Nxf6+
Bxf6 28. Bd2 Ne6 29. Be3 Bd4 30. Rd1 Bxe3 31. fxe3 Rb6 32. Rd2 Rc7 33. Ra5 g6
34. Rad5 Kf8 35. Kf2 Ke7 36. g4 hxg4 37. hxg4 Rc3 38. Ra5 Rc5 39. Ra7+ Kf6 40.
Ra1 Ke7 41. Bd5 Nc7 42. Bf3 Nb5 43. Ra4 Nc3 44. Ra8 Nb1 45. Re2 d5 46. Ra1 Nc3
47. Rd2 Ne4+ 48. Bxe4 dxe4 49. Ra2 Rbc6 50. Rd4 Rxc2+ 51. Rxc2 Rxc2+ 52. Kg3 f5
53. gxf5 gxf5 54. Rxb4 Kf6 55. Rb6+ Kg5 56. Rb8 Re2 57. Rg8+ Kf6 58. Rf8+ Ke6
59. Kf4 Rf2+ 60. Kg5 Rg2+ 61. Kh4 Re2 62. Kg5 Rxe3 63. Rf6+ Kd7 64. Rxf5 Rxb3
65. Re5 e3 66. Kf4 Kd6 67. Rxe3 Rxe3 68. Kxe3 1/2-1/2

[Event "Elit(Manhem-Limhamn)"]
[Site "?"]
[Date "2009.12.05"]
[Round "5"]
[White "Fendrich, David"]
[Black "Holst, Conny"]
[Result "1-0"]
[WhiteElo "2284"]
[BlackElo "2275"]
[PlyCount "159"]

1. g3 Nf6 2. Bg2 g6 3. c4 c5 4. Nc3 Bg7 5. a3 Nc6 6. Rb1 a5 7. Nh3 O-O 8. Nf4
d6 9. O-O Rb8 10. d3 Bd7 11. Bd2 e5 12. Nfd5 Nxd5 13. Nxd5 b5 14. cxb5 Rxb5 15.
b4 cxb4 16. axb4 axb4 17. Nxb4 Ne7 18. Qc2 Qc8 19. Qa2 Be6 20. Qa7 Qd7 21. Ra1
Nc8 22. Qxd7 Bxd7 23. Ra6 Rb6 24. Rc1 Bb5 25. Rxb6 Nxb6 26. Nd5 Nxd5 27. Bxd5
Bd7 28. Bb4 Rd8 29. Rc7 Bf8 30. Kg2 h5 31. Rb7 Be8 32. Rb6 Be7 33. Rb7 Bf8 34.
Rb6 Be7 35. h4 Kg7 36. Rb7 Bf8 37. Bd2 Rc8 38. Bg5 Rc5 39. e4 Rb5 40. Ra7 Rb2
41. Ra8 Bd7 42. Ra7 Be8 43. Ra8 Bd7 44. Bh6+ Kxh6 45. Rxf8 Be6 46. Bxe6 fxe6
47. Rd8 Rb6 48. Rd7 Ra6 49. Kf3 Rb6 50. Ke3 Ra6 51. Re7 Rb6 52. f3 Ra6 53. g4
hxg4 54. fxg4 d5 55. exd5 exd5 56. Rxe5 d4+ 57. Kf4 Ra1 58. Re4 Rh1 59. Kg3 g5
60. hxg5+ Kxg5 61. Rxd4 Rg1+ 62. Kf2 Ra1 63. Kf3 Rf1+ 64. Ke3 Re1+ 65. Kd2 Ra1
66. Re4 Ra3 67. Ke3 Rb3 68. Rd4 Rb1 69. Re4 Rb3 70. Kd2 Ra3 71. Kc2 Kh4 72. d4
Kg5 73. d5 Kf6 74. Re1 Ra5 75. Rd1 Ke7 76. g5 Ra2+ 77. Kc3 Rg2 78. d6+ Kd7 79.
Rd5 Rg4 80. Kd3 1-0

[Event "Elit(Rockaden,Sthlm-Rockaden,Umea)"]
[Site "?"]
[Date "2009.12.05"]
[Round "5"]
[White "Forsberg, Viktor"]
[Black "Bator, Robert"]
[Result "0-1"]
[WhiteElo "2362"]
[BlackElo "2484"]
[PlyCount "116"]
[SourceDate "2009.12.12"]

1. Nf3 d5 2. g3 c6 3. Bg2 Nf6 4. c4 dxc4 5. Qc2 Qd5 6. Nc3 Qh5 7. O-O Bh3 8. b3
Bxg2 9. Kxg2 cxb3 10. Qxb3 b6 11. Ba3 e6 12. Bxf8 Kxf8 13. d4 Qa5 14. Ne5 g6
15. Rfd1 Kg7 16. Rd3 Qa6 17. Rf3 Rf8 18. e4 Qb7 19. Qb2 Nbd7 20. Nc4 Kg8 21.
Qd2 c5 22. dxc5 Nxc5 23. e5 Nfe4 24. Nxe4 Qxe4 25. Qc3 Rad8 26. Nd6 Qd5 27. Re1
f6 28. Kg1 fxe5 29. Rxf8+ Rxf8 30. Qxe5 Qxe5 31. Rxe5 Rd8 32. Ne4 Nxe4 33. Rxe4
Kf7 34. Rc4 Rd7 35. Kg2 Kf6 36. Re4 Rd2 37. Ra4 a5 38. Ra3 Rb2 39. Kf3 h5 40.
Ke3 Ke5 41. h4 Rb4 42. Rd3 b5 43. Rd8 Ra4 44. Rd2 Ra3+ 45. Ke2 Rc3 46. Kf1 b4
47. Kg2 Rc5 48. Kf3 a4 49. Ke3 Rb5 50. Re2 Kd5 51. Kd3 Rc5 52. Ke3 e5 53. Rd2+
Kc4 54. Rc2+ Kb5 55. Rb2 a3 56. Re2 b3 57. axb3 Kb4 58. Kd3 Kxb3 0-1

[Event "Elit(Rockaden,Sthlm-Rockaden,Umea)"]
[Site "?"]
[Date "2009.12.05"]
[Round "5"]
[White "Barkhagen, Jonas"]
[Black "Eriksson, Jorgen"]
[Result "1-0"]
[WhiteElo "2529"]
[BlackElo "2314"]
[PlyCount "47"]

1. d4 f5 2. g3 Nf6 3. Bg2 e6 4. Nf3 d5 5. c4 c6 6. O-O Bd6 7. Bf4 Bxf4 8. gxf4
O-O 9. e3 Ne4 10. Nc3 Nd7 11. Qc2 Ndf6 12. Ne5 g5 13. Nxe4 Nxe4 14. Bxe4 fxe4
15. fxg5 Qxg5+ 16. Kh1 Qe7 17. Rg1+ Kh8 18. Qe2 Bd7 19. Qg4 Be8 20. Rg2 Qf6 21.
Rag1 Bg6 22. Qh3 Bf5 23. Qh6 Qe7 24. Rg7 1-0

[Event "Elit(Rockaden,Sthlm-Rockaden,Umea)"]
[Site "?"]
[Date "2009.12.05"]
[Round "5"]
[White "Wickstrom, Lucas"]
[Black "Olsson, Anders"]
[Result "0-1"]
[WhiteElo "2284"]
[BlackElo "2465"]
[PlyCount "76"]

1. d4 Nf6 2. c4 g6 3. Nc3 Bg7 4. e4 d6 5. Nf3 O-O 6. Be2 e5 7. O-O Nc6 8. d5
Ne7 9. b4 a5 10. Ba3 axb4 11. Bxb4 Nd7 12. a4 f5 13. Nd2 fxe4 14. Ndxe4 Nf5 15.
c5 dxc5 16. Nxc5 Nxc5 17. Bxc5 Rf7 18. a5 Kh8 19. Ne4 Qh4 20. g3 Qd8 21. Bf3
Nd4 22. Bg2 Bf5 23. Kh1 Rd7 24. Nc3 b6 25. axb6 Rxa1 26. Qxa1 cxb6 27. Bb4 h5
28. Qb2 h4 29. h3 Bd3 30. Rd1 e4 31. Nxe4 Bxe4 32. Bxe4 Rxd5 33. Bc3 Rd6 34.
Bg2 Kh7 35. Qd2 Nf5 36. Bd5 hxg3 37. Bxg7 gxf2 38. Be5 Rxd5 0-1

[Event "Elit(Rockaden,Sthlm-Rockaden,Umea)"]
[Site "?"]
[Date "2009.12.05"]
[Round "5"]
[White "Blomqvist, Erik"]
[Black "Hammar, Ulf"]
[Result "1-0"]
[WhiteElo "2477"]
[BlackElo "2255"]
[PlyCount "85"]

1. e4 e6 2. d4 d5 3. Nc3 Bb4 4. e5 c5 5. a3 Bxc3+ 6. bxc3 Ne7 7. Qg4 O-O 8. Bd3
f5 9. exf6 Rxf6 10. Bg5 Rf7 11. Qh5 g6 12. Qd1 Nbc6 13. Nf3 c4 14. Be2 Qf8 15.
O-O h6 16. Bc1 Bd7 17. a4 Rd8 18. Qd2 Kh7 19. Ba3 Bc8 20. Rae1 Qg7 21. h3 Ng8
22. Qe3 Nf6 23. Nh2 Ne7 24. Ng4 Nf5 25. Qc1 Ne4 26. Ne5 Nxc3 27. Nxf7 Qxf7 28.
Bg4 Qg7 29. Qf4 Ne4 30. c3 Nxc3 31. Bxf5 gxf5 32. f3 Rg8 33. Rf2 Qg5 34. Qc7+
Qg7 35. Qa5 Nxa4 36. Qxa4 Qxd4 37. Bb2 Qc5 38. Qa1 b5 39. Bd4 Qc7 40. Bxa7 b4
41. Bd4 c3 42. Qa4 Qc4 43. Be5 1-0

[Event "Elit(Rockaden,Sthlm-Rockaden,Umea)"]
[Site "?"]
[Date "2009.12.05"]
[Round "5"]
[White "Malmstig, Erik"]
[Black "Hedman, Erik"]
[Result "0-1"]
[WhiteElo "2296"]
[BlackElo "2419"]
[PlyCount "80"]

1. d4 Nf6 2. Bg5 Ne4 3. Bf4 c5 4. f3 Qa5+ 5. c3 Nf6 6. Nd2 cxd4 7. Nb3 Qb6 8.
Qxd4 Nc6 9. Qxb6 axb6 10. Nd4 e5 11. Nxc6 exf4 12. Nd4 Nd5 13. g3 Bd6 14. Nf5
Be5 15. Rd1 Ne7 16. Nxe7 Kxe7 17. gxf4 Bxf4 18. a3 Be3 19. Nh3 d6 20. Nf2 Be6
21. Ng4 Bxg4 22. fxg4 h5 23. g5 Bxg5 24. Rd4 Ra5 25. Rb4 Be3 26. Bg2 g5 27.
Bxb7 f5 28. c4 Re5 29. Bd5 Kf6 30. Rb3 Rhe8 31. Kd1 Bf2 32. e4 fxe4 33. Rf1 Rf5
34. Rb5 Rf4 35. a4 Re5 36. b4 e3 37. Ke2 Rd4 38. Rxb6 Rd2+ 39. Kf3 e2 40. Rxf2
e1=Q 0-1

[Event "Elit(Rockaden,Sthlm-Rockaden,Umea)"]
[Site "?"]
[Date "2009.12.05"]
[Round "5"]
[White "Berowski, Krum"]
[Black "Engman, Rickard"]
[Result "1-0"]
[WhiteElo "2312"]
[BlackElo "2235"]
[PlyCount "155"]
[EventDate "2009.??.??"]

1. d4 Nf6 2. c4 e6 3. Nc3 Bb4 4. e3 b6 5. Bd3 Bb7 6. Nge2 Bxg2 7. Rg1 Be4 8. a3
Bxc3+ 9. Nxc3 Bxd3 10. Qxd3 O-O 11. e4 Ne8 12. Be3 d6 13. O-O-O Nc6 14. f4 Ne7
15. d5 Qd7 16. e5 Rd8 17. Ne4 Nf5 18. exd6 cxd6 19. Bd2 Rc8 20. Bc3 Qa4 21. Nd2
a6 22. dxe6 fxe6 23. Qe4 Qd7 24. Nf3 b5 25. cxb5 axb5 26. Ng5 Nc7 27. Nxh7 Kxh7
28. Rxg7+ Qxg7 29. Bxg7 Kxg7 30. Kb1 Kf7 31. Qb7 Ke7 32. Rc1 Kd7 33. Qc6+ Ke7
34. Qb6 Kd7 35. Qb7 Ne7 36. Qe4 Rf7 37. h4 Rcf8 38. Qb7 Ned5 39. Qc6+ Ke7 40.
Qb7 Kd7 41. Qc6+ Ke7 42. Qb7 Kd8 43. h5 Rxf4 44. h6 Rf1 45. Rxf1 Rxf1+ 46. Ka2
Ke7 47. Qb8 Rf8 48. Qa7 e5 49. Qg1 Nf6 50. Qh2 Kd7 51. Qg1 Rf7 52. Qg6 Ke7 53.
Qc2 Ne6 54. Qc6 Nd4 55. Qb7+ Ke6 56. Qc8+ Rd7 57. Qc3 Kf5 58. Qd2 Kg6 59. Qc1
d5 60. Qg1+ Kh7 61. Qg5 Rf7 62. Qxe5 Nc6 63. Qe6 Nd8 64. Qb6 Nb7 65. Qxb5 Kxh6
66. a4 Rd7 67. a5 Kg7 68. a6 Nd8 69. Qb6 Ne8 70. a7 Nc7 71. Qxc7 Rxc7 72. a8=Q
Rd7 73. Qc8 Rd6 74. Qh3 Kf8 75. b4 d4 76. Qd3 Nc6 77. Kb3 Ne5 78. Qf5+ 1-0

[Event "Elit(Rockaden,Sthlm-Rockaden,Umea)"]
[Site "?"]
[Date "2009.12.05"]
[Round "5"]
[White "Mardell, Jimmy"]
[Black "Zadruzny, Nicolaj"]
[Result "0-1"]
[WhiteElo "2228"]
[BlackElo "2307"]
[PlyCount "94"]

1. e4 c5 2. Nf3 Nc6 3. d4 cxd4 4. Nxd4 g6 5. c4 Nf6 6. Nc3 d6 7. Nc2 Bg7 8. Be2
O-O 9. O-O Nd7 10. Bd2 Nc5 11. b4 Ne6 12. Rc1 Ned4 13. Nxd4 Nxd4 14. Nb5 Nxb5
15. cxb5 Be6 16. a4 Bb2 17. Rb1 Bg7 18. Be3 Ba2 19. Rc1 Bb2 20. Ra1 Bxa1 21.
Qxa1 Be6 22. Bh6 f6 23. Bxf8 Kxf8 24. h3 Rc8 25. Rc1 Rxc1+ 26. Qxc1 Qc8 27.
Qh6+ Kg8 28. Qd2 Qc7 29. a5 b6 30. a6 Kg7 31. Qd4 Qc2 32. Qe3 Bc4 33. Bxc4 Qxc4
34. e5 dxe5 35. Qd2 Qxb5 36. Qd8 Kf7 37. Qc8 Qxb4 38. Qb7 Qe1+ 39. Kh2 Qxf2 40.
Qxa7 Qf4+ 41. Kh1 e4 42. Qxb6 e3 43. a7 e2 44. a8=Q e1=Q+ 45. Qg1 Qxg1+ 46.
Kxg1 Qd4+ 47. Kh1 f5 0-1

[Event "Elit(Rockaden,Sthlm-Rockaden,Umea)"]
[Site "?"]
[Date "2009.12.05"]
[Round "5"]
[White "Bryntze, Stefan"]
[Black "Lindgren, Fredrik"]
[Result "1-0"]
[WhiteElo "2253"]
[BlackElo "2253"]
[PlyCount "81"]

1. f4 e5 2. fxe5 Nc6 3. Nf3 g5 4. h3 d6 5. d4 dxe5 6. d5 Nce7 7. e4 f6 8. Nc3
Nh6 9. Bb5+ c6 10. Bc4 b5 11. Bb3 b4 12. Nxe5 Qd6 13. Qh5+ Kd8 14. dxc6 Qxe5
15. Ne2 Nxc6 16. Be3 Qxe4 17. Bf2 Bf5 18. O-O-O+ Kc7 19. Rhe1 Bg6 20. Bg3+ Kc8
21. Qf3 Qxf3 22. Be6+ Kb7 23. Rd7+ Ka6 24. gxf3 Ne5 25. Nd4 Bc5 26. Bxe5 fxe5
27. Bc4+ Kb6 28. Ne6 e4 29. Bd5 Rac8 30. Rb7+ Ka6 31. Nc7+ Rxc7 32. Rxc7 Bb6
33. Bc4+ Ka5 34. Rd7 Rd8 35. Red1 Rxd7 36. Rxd7 Be3+ 37. Kd1 exf3 38. Rd6 b3
39. c3 Bb6 40. Rd5+ Ka4 41. axb3# 1-0

[Event "Elit(Kamraterna-Wasa)"]
[Site "?"]
[Date "2009.12.05"]
[Round "5"]
[White "Astrom, Goran"]
[Black "Aberg, Anton"]
[Result "0-1"]
[WhiteElo "2289"]
[BlackElo "2403"]
[PlyCount "116"]

1. e4 d6 2. d4 Nf6 3. Nc3 e5 4. Nf3 Nbd7 5. Bc4 Be7 6. O-O O-O 7. Re1 c6 8. a4
b6 9. b3 a6 10. Bb2 Rb8 11. Bd3 Re8 12. Ne2 Bf8 13. Ng3 g6 14. c4 b5 15. axb5
axb5 16. cxb5 cxb5 17. b4 exd4 18. Nxd4 Ne5 19. Bxb5 Bd7 20. Bxd7 Nfxd7 21. b5
Nc5 22. Bc3 Bg7 23. Rb1 h5 24. h3 Rc8 25. Ba1 h4 26. Nf1 Qb6 27. Ne3 Ned3 28.
Nd5 Qb7 29. Re3 Rxe4 30. Rxe4 Nxe4 31. Ne7+ Qxe7 32. Qxd3 d5 33. b6 Qb7 34. f3
Nd6 35. Qb3 Nc4 36. Qb5 Rb8 37. Kh1 Qxb6 38. Qxb6 Rxb6 39. Rxb6 Nxb6 40. Kg1
Nc4 41. Kf2 Be5 42. Bc3 Kg7 43. Ke2 Kf6 44. Kd3 Nd6 45. Be1 Bxd4 46. Kxd4 Ke6
47. Kd3 Nf5 48. Bc3 g5 49. Bb2 Ng3 50. Ke3 Nh5 51. Kf2 Kd6 52. Bc1 f6 53. Bb2
Kc5 54. f4 gxf4 55. Kf3 f5 56. Ba3+ Kc4 57. Be7 d4 58. Bxh4 d3 0-1

[Event "Elit(Kamraterna-Wasa)"]
[Site "?"]
[Date "2009.12.05"]
[Round "5"]
[White "Collett, Peter"]
[Black "Hamark, Jesper"]
[Result "0-1"]
[WhiteElo "2192"]
[BlackElo "2386"]
[PlyCount "92"]

1. d4 Nf6 2. c4 e6 3. Nc3 d5 4. cxd5 exd5 5. Bg5 c6 6. e3 Qb6 7. a3 Ne4 8. Nxe4
dxe4 9. Qd2 Bd6 10. Bc4 O-O 11. Ne2 Re8 12. Bf4 Bf8 13. Nc3 Bf5 14. O-O Nd7 15.
b4 Qd8 16. b5 Nb6 17. Be2 c5 18. d5 Bd6 19. a4 Nc8 20. Nd1 Be5 21. Rc1 b6 22.
Nc3 Nd6 23. Rfd1 Qh4 24. Bg3 Qg5 25. Bf4 Qg6 26. Kh1 Re7 27. g4 Bxg4 28. Rg1 f5
29. Rg3 Rf8 30. h3 Bxf4 31. exf4 Qh6 32. Kg2 Bxe2 33. Nxe2 Rfe8 34. Rcc3 e3 35.
fxe3 Ne4 36. Qc2 Qd6 37. Rf3 Nxc3 38. Nxc3 g6 39. Qd2 Qf6 40. Kg3 Rd8 41. Kf2
Qh4+ 42. Kg2 Qf6 43. Qd3 Rde8 44. Rg3 Kf8 45. Kf2 Qh4 46. Kg2 Qxg3+ 0-1

[Event "Elit(Kamraterna-Wasa)"]
[Site "?"]
[Date "2009.12.05"]
[Round "5"]
[White "Akbarinia, Arash"]
[Black "Ranby, Hans"]
[Result "1-0"]
[WhiteElo "2340"]
[BlackElo "2012"]
[PlyCount "45"]

1. Nf3 Nf6 2. c4 e6 3. g3 b6 4. Bg2 Bb7 5. O-O c5 6. d4 d5 7. Ne5 cxd4 8. a3
Bd6 9. Qxd4 Qc7 10. Ng4 Nc6 11. Nxf6+ gxf6 12. Qxf6 Be5 13. Qh4 Nd4 14. Nc3
dxc4 15. Bxb7 Qxb7 16. Be3 Nc2 17. Qxc4 b5 18. Qc5 Qc7 19. Qxb5+ Ke7 20. Rac1
Nxe3 21. fxe3 Bxc3 22. Rxc3 Qd6 23. Qb7+ 1-0

[Event "Elit(Kamraterna-Wasa)"]
[Site "?"]
[Date "2009.12.05"]
[Round "5"]
[White "Safholm, Sten"]
[Black "Svenn, Gosta"]
[Result "0-1"]
[WhiteElo "1979"]
[BlackElo "2376"]
[PlyCount "80"]

1. e4 e6 2. d4 b6 3. Nc3 Bb7 4. Nf3 Bb4 5. Bd3 Nf6 6. Qe2 d5 7. e5 Ne4 8. Bd2
Nxd2 9. Qxd2 h6 10. h4 c5 11. a3 Ba5 12. Kf1 O-O 13. Qf4 Bxc3 14. bxc3 Ba6 15.
Rh3 Bxd3+ 16. cxd3 Qe7 17. Rg3 Kh8 18. Qg4 Rg8 19. Qh5 Nd7 20. Ng5 Rgf8 21. Nf3
f6 22. exf6 Qxf6 23. Rg6 Qf7 24. Qg4 Rae8 25. Qg3 Kh7 26. h5 e5 27. dxe5 Nxe5
28. Nxe5 Rxe5 29. Re1 Rxh5 30. Ree6 Rh1+ 31. Ke2 Ra1 32. f3 d4 33. cxd4 cxd4
34. Qg4 Rc8 35. Kf2 Rc2+ 36. Kg3 Raa2 37. Rxh6+ Kg8 38. Rh2 Rc5 39. Qh4 Qxe6
40. Qh7+ Kf7 0-1

[Event "Elit(Kamraterna-Wasa)"]
[Site "?"]
[Date "2009.12.05"]
[Round "5"]
[White "Madebrink, Lars"]
[Black "Hedlund, Lars"]
[Result "1-0"]
[WhiteElo "2265"]
[BlackElo "1971"]
[PlyCount "59"]

1. d4 e6 2. Nf3 d5 3. c4 Nf6 4. Nc3 c6 5. e3 Nbd7 6. Bd3 Bd6 7. O-O dxc4 8.
Bxc4 b5 9. Bd3 b4 10. Ne4 Nxe4 11. Bxe4 Bb7 12. Bd2 Qb6 13. a3 a5 14. axb4 axb4
15. Rxa8+ Bxa8 16. Qa4 O-O 17. Rc1 Rc8 18. Ne1 Bb7 19. Nd3 Ra8 20. Qb3 Ra5 21.
Qc4 Nf6 22. Bxc6 Ba6 23. Qb3 Bxd3 24. Qxd3 Rh5 25. g3 Ra5 26. Bf3 Bf8 27. Rc8
h5 28. Qc4 h4 29. Rxf8+ Kxf8 30. Qxb4+ 1-0

[Event "Elit(Kamraterna-Wasa)"]
[Site "?"]
[Date "2009.12.05"]
[Round "5"]
[White "Wahlund, Bengt"]
[Black "Andersson, Michael"]
[Result "1/2-1/2"]
[WhiteElo "1966"]
[BlackElo "2214"]
[PlyCount "85"]

1. e4 d6 2. c4 e5 3. Nc3 f5 4. d4 exd4 5. Qxd4 Nc6 6. Qe3 Nf6 7. Bd2 Be7 8. Nf3
O-O 9. Bd3 fxe4 10. Nxe4 Ng4 11. Qe2 Nge5 12. Nxe5 Nxe5 13. Bc2 Bg4 14. f3 Bh5
15. O-O Kh8 16. Ng3 Bg6 17. Be4 Bh4 18. f4 Bxg3 19. hxg3 Bxe4 20. Qxe4 Nc6 21.
Bc3 Qd7 22. Rad1 Rae8 23. Qf3 Qe6 24. Rd5 Qe3+ 25. Qxe3 Rxe3 26. Rg5 Rf7 27.
Kf2 Re4 28. c5 dxc5 29. Rxc5 Rd7 30. Re1 Rxe1 31. Kxe1 Kg8 32. Ke2 Kf7 33. b4
a6 34. a4 Ne7 35. b5 axb5 36. axb5 c6 37. Rg5 g6 38. bxc6 Nxc6 39. Rb5 Ne7 40.
Be5 h5 41. Rb6 Nd5 42. Rb5 Ne7 43. Rb6 1/2-1/2